[Event "British Columbia op"]
[Site "Richmond CAN"]
[Date "2014.02.08"]
[Round "1.5"]
[White "Ingram, Richard"]
[Black "Nguyen, Kim"]
[Result "0-1"]
[WhiteElo "1835"]
[BlackElo "2109"]
[PlyCount "96"]
[EventDate "2014.02.08"]
[EventType "swiss"]
[EventRounds "6"]
[EventCountry "CAN"]

1. e4 c5 2. Nf3 d6 3. d4 cxd4 4. Nxd4 Nf6 5. Nc3 a6 6. h3 g6 7. Be3 Bg7 8. f4
Nh5 9. Nde2 O-O 10. Qd2 Nc6 11. g4 Nf6 12. Ng3 Qa5 13. Bg2 Be6 14. Nd5 Qxd2+
15. Kxd2 Bxd5 16. exd5 Nb4 17. c4 a5 18. Rhe1 Nd7 19. Bf2 Rfe8 20. Ne4 Rec8 21.
Bf1 a4 22. Nc3 a3 23. b3 Kf8 24. Bh4 Bxc3+ 25. Kxc3 Nxd5+ 26. Kd2 N5f6 27. Re3
d5 28. cxd5 Nxd5 29. Rd3 e6 30. Bg5 Rc7 31. Rd4 N7b6 32. Bd3 f6 33. Bh6+ Kf7
34. f5 e5 35. fxg6+ hxg6 36. Re4 Rd8 37. Rf1 Ke6 38. Be3 Nxe3 39. Rxe3 Nd5 40.
Bc4 Ke7 41. Rd3 Rcd7 42. Kc1 Nb4 43. Rxd7+ Rxd7 44. Rf2 Rd3 45. Rh2 Rg3 46. Kd2
Nxa2 47. Bd3 Nb4 48. Bxg6 Rg1 0-1

[Event "British Columbia op"]
[Site "Richmond CAN"]
[Date "2014.02.08"]
[Round "1.6"]
[White "Patterson, Roger"]
[Black "Roback, Joe"]
[Result "1-0"]
[WhiteElo "2076"]
[BlackElo "1835"]
[PlyCount "87"]
[EventDate "2014.02.08"]
[EventType "swiss"]
[EventRounds "6"]
[EventCountry "CAN"]

1. c4 Nf6 2. Nf3 c5 3. g3 b6 4. Bg2 Bb7 5. O-O e6 6. Nc3 Be7 7. d4 cxd4 8. Qxd4
d6 9. Bg5 a6 10. Rfd1 Nbd7 11. Bxf6 Nxf6 12. Nd2 Bxg2 13. Kxg2 Rc8 14. Nde4 Rc6
15. Rac1 O-O 16. b3 Qc7 17. f3 Nxe4 18. Nxe4 d5 19. Nd2 b5 20. e4 dxc4 21. bxc4
Rd8 22. Qe3 b4 23. Rc2 Rcd6 24. Rdc1 Rd3 25. Qe2 Bc5 26. Nb3 Qd6 27. e5 Qc7 28.
Rd2 Rxd2 29. Nxd2 Bd4 30. f4 a5 31. c5 Bc3 32. Ne4 Qc6 33. Kh3 h6 34. Nxc3 bxc3
35. Rxc3 Rd5 36. Qe4 f6 37. Rc2 fxe5 38. fxe5 Qc7 39. c6 Rxe5 40. Qf4 Rh5+ 41.
Kg2 e5 42. Qg4 Rg5 43. Qd7 Qb6 44. Qd5+ 1-0

[Event "British Columbia op"]
[Site "Richmond CAN"]
[Date "2014.02.08"]
[Round "1.7"]
[White "Caluza, Juni"]
[Black "Beaudry, Lukas"]
[Result "1/2-1/2"]
[WhiteElo "1825"]
[BlackElo "2075"]
[PlyCount "134"]
[EventDate "2014.02.08"]
[EventType "swiss"]
[EventRounds "6"]
[EventCountry "CAN"]

1. Nf3 Nf6 2. c4 d6 3. d4 g6 4. Bg5 Bg7 5. Nc3 O-O 6. e3 c6 7. Be2 a6 8. O-O b5
9. Nd2 Qc7 10. a3 Nbd7 11. Rc1 Qb6 12. b4 Bb7 13. Bf3 e5 14. c5 dxc5 15. dxc5
Qc7 16. Nde4 Nxe4 17. Nxe4 f5 18. Nd6 e4 19. Qb3+ Kh8 20. Nf7+ Rxf7 21. Qxf7
Rf8 22. Qe7 exf3 23. Rfd1 Bc8 24. Rd6 Qb7 25. Rcd1 Ne5 26. Rd8 Qxe7 27. Bxe7
Rg8 28. Rxg8+ Kxg8 29. Rd8+ Kf7 30. Rxc8 Kxe7 31. Rc7+ Kf6 32. h4 h6 33. Kh2
Bh8 34. gxf3 Nxf3+ 35. Kg3 Ne5 36. f4 Nc4 37. Rxc6+ Kf7 38. Rxa6 Bc3 39. c6 Ke7
40. a4 Bxb4 41. axb5 Ba5 42. Ra7+ Kd6 43. Rg7 Be1+ 44. Kf3 Bxh4 45. Rxg6+ Kc7
46. Rxh6 Bd8 47. Rh7+ Kc8 48. Rh8 Kc7 49. Ke2 Nb6 50. Rf8 Nc8 51. Rxf5 Nd6 52.
Rh5 Kb6 53. Rh8 Bc7 54. Rh5 Nxb5 55. Rxb5+ Kxb5 56. Kf3 Kxc6 57. Ke4 Kd6 58.
Kf5 Ke7 59. e4 Bb6 60. e5 Bd4 61. Ke4 Bb2 62. f5 Bc3 63. Kd5 Bb2 64. f6+ Kf7
65. Kd6 Ba3+ 66. Kd7 Bb4 67. Kc6 Ke6 1/2-1/2

[Event "British Columbia op"]
[Site "Richmond CAN"]
[Date "2014.02.08"]
[Round "1.10"]
[White "Kalisvaart, Peter"]
[Black "Richardson, Kai"]
[Result "1/2-1/2"]
[WhiteElo "2038"]
[BlackElo "1740"]
[PlyCount "61"]
[EventDate "2014.02.08"]
[EventType "swiss"]
[EventRounds "6"]
[EventCountry "CAN"]

1. d4 d5 2. c4 c6 3. Nc3 e6 4. e3 Nf6 5. Nf3 Nbd7 6. Bd3 dxc4 7. Bxc4 b5 8. Be2
Bb7 9. O-O Be7 10. e4 b4 11. e5 bxc3 12. exf6 Nxf6 13. bxc3 O-O 14. Rb1 Qc7 15.
Bf4 Qc8 16. Qb3 Nd5 17. Qxb7 Nxf4 18. Ba6 Qxb7 19. Rxb7 Bd6 20. g3 Nd5 21. c4
Nb4 22. c5 Bxc5 23. Bc4 Bd6 24. Ng5 Nd5 25. Ne4 Rfd8 26. Bxd5 cxd5 27. Nxd6
Rxd6 28. Rc1 g6 29. Rcc7 Rf8 30. Rxa7 Rb6 31. Ra4 1/2-1/2

[Event "British Columbia op"]
[Site "Richmond CAN"]
[Date "2014.02.08"]
[Round "2.1"]
[White "Sohal, Tanraj"]
[Black "Wu, Ruining (Ray)"]
[Result "1-0"]
[WhiteElo "2346"]
[BlackElo "2037"]
[PlyCount "93"]
[EventDate "2014.02.08"]
[EventType "swiss"]
[EventRounds "6"]
[EventCountry "CAN"]

1. d4 Nf6 2. c4 g6 3. Nc3 d5 4. Bg5 Ne4 5. Bh4 Nxc3 6. bxc3 Bg7 7. e3 O-O 8.
Nf3 c5 9. cxd5 Qxd5 10. Bxe7 Re8 11. Bxc5 b6 12. Ba3 Nc6 13. Be2 Bb7 14. Bb4
Nxb4 15. cxb4 a5 16. b5 Rac8 17. O-O Rc3 18. Qd2 Rec8 19. Rfc1 R3c7 20. Rxc7
Rxc7 21. Rc1 Qd7 22. a4 h6 23. Ne1 Qc8 24. Rxc7 Qxc7 25. Qc2 Qxc2 26. Nxc2 Bd5
27. Na1 f5 28. Bd1 Kf8 29. Bb3 Be4 30. Nc2 Bxc2 31. Bxc2 Kf7 32. Kf1 Bf8 33.
Ke2 Bd6 34. h3 Kf6 35. f3 Ba3 36. e4 Bb2 37. Kd3 fxe4+ 38. fxe4 h5 39. e5+ Kf5
40. Ke3+ Ke6 41. Bxg6 h4 42. Ke4 Bc3 43. d5+ Ke7 44. d6+ Ke6 45. Bf5+ Kf7 46.
e6+ Ke8 47. e7 1-0

[Event "British Columbia op"]
[Site "Richmond CAN"]
[Date "2014.02.08"]
[Round "2.2"]
[White "Lee, Andrew"]
[Black "Villavieja, Butch"]
[Result "0-1"]
[WhiteElo "1960"]
[BlackElo "2227"]
[PlyCount "72"]
[EventDate "2014.02.08"]
[EventType "swiss"]
[EventRounds "6"]
[EventCountry "CAN"]

1. e4 c5 2. Nf3 d6 3. d4 cxd4 4. Nxd4 Nf6 5. Nc3 g6 6. Be3 Bg7 7. f3 Nc6 8. Qd2
O-O 9. O-O-O d5 10. Kb1 Nxd4 11. e5 Nf5 12. exf6 exf6 13. Bc5 Re8 14. Qxd5 Qc7
15. Nb5 Qa5 16. b4 Qa4 17. Nc3 Qc6 18. Bb5 Qc7 19. Bxe8 Be6 20. Bxf7+ Bxf7 21.
Qd7 Qe5 22. Nd5 b6 23. Rhe1 Qxh2 24. Ne7+ Nxe7 25. Rxe7 Rf8 26. Bd6 Qxg2 27.
Qb7 f5 28. Rc7 Qe2 29. Rc1 Qe6 30. Qxa7 Qxd6 31. c3 Qd3+ 32. Kb2 Qd5 33. Rd7
Qc6 34. Rc7 Qd6 35. Rd7 Qxb4+ 36. Ka1 Bxc3+ 0-1

[Event "British Columbia op"]
[Site "Richmond CAN"]
[Date "2014.02.08"]
[Round "2.3"]
[White "Wu, Howard"]
[Black "Soliven, Joe"]
[Result "1-0"]
[WhiteElo "2224"]
[BlackElo "1957"]
[PlyCount "147"]
[EventDate "2014.02.08"]
[EventType "swiss"]
[EventRounds "6"]
[EventCountry "CAN"]

1. e4 e5 2. Nf3 Nc6 3. Bb5 a6 4. Ba4 Nf6 5. O-O Nxe4 6. d4 b5 7. Bb3 d5 8. dxe5
Be6 9. Be3 Qd7 10. Nbd2 Nc5 11. Re1 Rd8 12. Bg5 Be7 13. Bxe7 Qxe7 14. Nf1 O-O
15. c3 Ne4 16. Nd4 Na5 17. f3 Nc5 18. Bc2 Nd7 19. b4 Nc4 20. Nc6 Qg5 21. Nxd8
Rxd8 22. Qc1 Qh4 23. g3 Qh5 24. f4 Ndb6 25. Qd1 Bg4 26. Qd4 Nc8 27. Ne3 Nxe3
28. Rxe3 Ne7 29. Qc5 Rd7 30. Ree1 Qh3 31. Bd1 Be6 32. Bf3 h5 33. Qf2 g6 34. Bg2
Qf5 35. Rad1 c6 36. h3 Kg7 37. Rd2 Rd8 38. Qb6 Re8 39. Qxa6 g5 40. Rf1 gxf4 41.
Qb6 Qg6 42. gxf4 Qh6 43. Rdf2 Bf5 44. Qd4 Qe6 45. Kh2 Kh6 46. Rg1 Ra8 47. Qe3
Kh7 48. Bf3 Bg6 49. Qe2 Qf5 50. Bh1 Ra3 51. Rg5 Qe6 52. Qf3 d4 53. f5 Qxe5+ 54.
Kg1 Kh6 55. Rxg6+ fxg6 56. cxd4 Rxf3 57. dxe5 Rxf2 58. Kxf2 gxf5 59. Ke3 Kg5
60. Kd4 Kf4 61. e6 h4 62. Bg2 Kg3 63. Bh1 Kxh3 64. Ke5 Kg4 65. Kf6 Nc8 66. Bxc6
f4 67. Bd7 Nd6 68. e7+ Kg3 69. Ke6 Ne8 70. Bxe8 h3 71. Bc6 f3 72. Bxf3 Kxf3 73.
e8=Q h2 74. Qxb5 1-0

[Event "British Columbia op"]
[Site "Richmond CAN"]
[Date "2014.02.08"]
[Round "2.5"]
[White "Nguyen, Kim"]
[Black "Foote, Joanne"]
[Result "1-0"]
[WhiteElo "2109"]
[BlackElo "1721"]
[PlyCount "103"]
[EventDate "2014.02.08"]
[EventType "swiss"]
[EventRounds "6"]
[EventCountry "CAN"]

1. e4 c5 2. Nf3 d6 3. d4 cxd4 4. Nxd4 Nf6 5. Nc3 a6 6. Bc4 e6 7. Bb3 Be7 8. g4
Nc6 9. g5 Nd7 10. Bxe6 Nxd4 11. Bxd7+ Bxd7 12. Qxd4 Bxg5 13. Bxg5 Qxg5 14. Qxd6
Bc6 15. Nd5 Bxd5 16. Qxd5 Qxd5 17. exd5 O-O 18. Kd2 Rfd8 19. c4 h6 20. Rhe1 Kf8
21. a4 Rac8 22. Kd3 Rc6 23. Re3 Rf6 24. f3 Rf4 25. b3 g5 26. a5 Rd6 27. Ra4 Rh4
28. Rb4 Rd7 29. Rb6 Rxh2 30. Kd4 Rh4+ 31. Kc5 h5 32. Rh6 Rh1 33. Rd6 Rxd6 34.
Kxd6 h4 35. Kc7 h3 36. Re2 f5 37. Rd2 g4 38. d6 Re1 39. fxg4 fxg4 40. Rf2+ Kg7
41. Rf4 h2 42. Rxg4+ Kf6 43. Rh4 h1=Q 44. Rxh1 Rxh1 45. d7 Rh7 46. Kc8 Rh8+ 47.
d8=Q+ Rxd8+ 48. Kxd8 Ke5 49. Kc7 Kd4 50. Kxb7 Kc5 51. Kc7 Kb4 52. Kb6 1-0

[Event "British Columbia op"]
[Site "Richmond CAN"]
[Date "2014.02.08"]
[Round "2.6"]
[White "Sutherland, Daniel"]
[Black "Patterson, Roger"]
[Result "0-1"]
[WhiteElo "1597"]
[BlackElo "2076"]
[PlyCount "114"]
[EventDate "2014.02.08"]
[EventType "swiss"]
[EventRounds "6"]
[EventCountry "CAN"]

1. e4 c5 2. Nf3 d6 3. Nc3 Nc6 4. d3 g6 5. Be2 Bg7 6. Be3 Nd4 7. Qd2 Bd7 8. O-O
e6 9. Nd1 Ne7 10. c3 Nxe2+ 11. Qxe2 Qc7 12. Rb1 O-O 13. Bg5 Bc6 14. Qd2 d5 15.
Re1 Rad8 16. Qf4 Qxf4 17. Bxf4 dxe4 18. dxe4 f6 19. c4 Rd7 20. a3 Rfd8 21. Nc3
Nc8 22. b4 Rd3 23. b5 Be8 24. Rbd1 Nb6 25. Bc7 Rxd1 26. Nxd1 Rd3 27. Bxb6 axb6
28. a4 e5 29. Kf1 Bf7 30. Ne3 Bh6 31. Ng4 Bxc4 32. Nxf6+ Kg7 33. Nxe5 Kxf6 34.
Nxc4 Rd4 35. Nxb6 c4 36. g3 Bd2 37. Ra1 c3 38. Ra2 Rxe4 39. Rc2 Ke5 40. f3 Re1+
41. Kf2 Kd4 42. Nd7 Re7 43. Nb6 Kd3 44. Ra2 Be3+ 45. Ke1 Bxb6+ 46. Kd1 Ba5 47.
Ra3 Re2 48. h3 Rf2 49. Ke1 Rxf3 50. g4 Rxh3 51. Kf2 Rh2+ 52. Kf3 Rb2 53. g5 Bb4
54. Ra1 c2 55. a5 Bxa5 56. Ra4 c1=Q 57. Ra3+ Kd4 0-1

[Event "British Columbia op"]
[Site "Richmond CAN"]
[Date "2014.02.08"]
[Round "2.8"]
[White "Beaudry, Lukas"]
[Black "Shao, Nathan"]
[Result "0-1"]
[WhiteElo "2075"]
[BlackElo "1687"]
[PlyCount "86"]
[EventDate "2014.02.08"]
[EventType "swiss"]
[EventRounds "6"]
[EventCountry "CAN"]

1. e4 c5 2. Nf3 d6 3. d4 cxd4 4. Nxd4 Nf6 5. Nc3 g6 6. Be2 Bg7 7. O-O O-O 8.
Be3 Nc6 9. Kh1 d5 10. exd5 Nb4 11. d6 Qxd6 12. Ncb5 Qb8 13. Bf3 Nbd5 14. Bg5 a6
15. Nc3 Nxc3 16. bxc3 Qc7 17. Qe1 Re8 18. Bh4 e5 19. Nb3 Bf5 20. Rc1 Rac8 21.
Bg3 Bh6 22. Bh4 Bxc1 23. Qxc1 Nd7 24. Bd5 b5 25. Qh6 Qd6 26. Rd1 Be6 27. Bf3
Qf8 28. Qe3 Rc4 29. Bg5 Rec8 30. Bh6 Qe7 31. Bg5 f6 32. Bh6 Rxc3 33. Qa7 Rxc2
34. Qxa6 b4 35. h4 Kf7 36. Rd6 Rxa2 37. Qxc8 Qxd6 38. Qh8 Ke7 39. Nd2 Ra1+ 40.
Kh2 e4+ 41. g3 exf3 42. Ne4 Qd4 43. Qxh7+ Bf7 0-1

[Event "British Columbia op"]
[Site "Richmond CAN"]
[Date "2014.02.08"]
[Round "2.9"]
[White "Richardson, Kai"]
[Black "Doknjas, John"]
[Result "0-1"]
[WhiteElo "1740"]
[BlackElo "2091"]
[PlyCount "50"]
[EventDate "2014.02.08"]
[EventType "swiss"]
[EventRounds "6"]
[EventCountry "CAN"]

1. d4 Nf6 2. c4 c5 3. d5 e6 4. Nc3 exd5 5. cxd5 d6 6. e4 g6 7. f4 Bg7 8. Nf3
O-O 9. Bd3 Bg4 10. O-O Nbd7 11. h3 Bxf3 12. Qxf3 Re8 13. Rb1 Rc8 14. b3 Qa5 15.
Bb2 a6 16. Rfe1 b5 17. Kh2 Nh5 18. Rec1 Nxf4 19. Ne2 Bxb2 20. Rxb2 Ne5 21. Qxf4
Nxd3 22. Qf6 Nxb2 23. Rf1 Qc7 24. Qxb2 Rxe4 25. Ng3 Re5 0-1

[Event "British Columbia op"]
[Site "Richmond CAN"]
[Date "2014.02.08"]
[Round "2.10"]
[White "Cui, Karl"]
[Black "Kalisvaart, Peter"]
[Result "1/2-1/2"]
[WhiteElo "1800"]
[BlackElo "2038"]
[PlyCount "70"]
[EventDate "2014.02.08"]
[EventType "swiss"]
[EventRounds "6"]
[EventCountry "CAN"]

1. d4 d5 2. c4 Nc6 3. e3 e5 4. dxe5 dxc4 5. Qxd8+ Kxd8 6. Bxc4 Nxe5 7. Be2 f5
8. Nf3 Bd6 9. b3 Nf6 10. Bb2 Nxf3+ 11. Bxf3 Ke7 12. Nc3 c6 13. O-O-O Be6 14. e4
Bf4+ 15. Kb1 Rad8 16. Ne2 Bc7 17. Nd4 fxe4 18. Nxe6 Kxe6 19. Rde1 Ba5 20. Re3
Bd2 21. Re2 Kf5 22. g4+ Kf4 23. Bg2 Kxg4 24. h3+ Kf5 25. Rg1 Rhe8 26. h4 Ke6
27. Bxe4 Kf7 28. f3 Bf4 29. Reg2 g6 30. Rh1 Nxe4 31. fxe4 Rxe4 32. Rf1 Ke6 33.
Rg4 Kf5 34. Rg5+ Ke6 35. Rg4 Kf5 1/2-1/2

[Event "British Columbia op"]
[Site "Richmond CAN"]
[Date "2014.02.08"]
[Round "2.18"]
[White "Ghandi, Houshyar"]
[Black "Ingram, Richard"]
[Result "0-1"]
[WhiteElo "1601"]
[BlackElo "1835"]
[PlyCount "56"]
[EventDate "2014.02.08"]
[EventType "swiss"]
[EventRounds "6"]
[EventCountry "CAN"]

1. e4 c5 2. Nf3 Nc6 3. d4 cxd4 4. Nxd4 Nf6 5. Nc3 d6 6. Be2 e6 7. Be3 Be7 8.
Qd2 O-O 9. g4 d5 10. exd5 Nxd5 11. O-O-O Bb4 12. Nxc6 bxc6 13. Bd4 Qc7 14. Kb1
e5 15. Nxd5 cxd5 16. Bc3 a5 17. Rhg1 Be6 18. Rg3 d4 19. Bxb4 axb4 20. b3 Rxa2
21. Kxa2 Ra8+ 22. Kb2 Qa7 23. Qxb4 Bd5 24. Rb1 e4 25. Qa4 Qc5 26. b4 Qc7 27.
Qb5 Ra2+ 28. Kc1 Qxc2# 0-1

[Event "British Columbia op"]
[Site "Richmond CAN"]
[Date "2014.02.09"]
[Round "3.1"]
[White "Patterson, Roger"]
[Black "Sohal, Tanraj"]
[Result "0-1"]
[WhiteElo "2076"]
[BlackElo "2346"]
[PlyCount "54"]
[EventDate "2014.02.08"]
[EventType "swiss"]
[EventRounds "6"]
[EventCountry "CAN"]

1. c4 e6 2. Nf3 d5 3. d4 Nf6 4. Bg5 Be7 5. Nc3 a6 6. e3 O-O 7. cxd5 exd5 8. Be2
c6 9. O-O Bg4 10. Rb1 Nbd7 11. b4 b5 12. a4 Nb6 13. Ne5 Bxe2 14. Qxe2 Rc8 15.
Rfc1 Nc4 16. Nd3 Re8 17. Ra1 h6 18. Bxf6 Bxf6 19. axb5 axb5 20. Ra6 Bxd4 21.
Qc2 Bf6 22. Ne2 Qd6 23. Qa2 d4 24. Nxd4 Bxd4 25. exd4 Qxd4 26. Nc5 Rcd8 27. h3
Qf4 0-1

[Event "British Columbia op"]
[Site "Richmond CAN"]
[Date "2014.02.09"]
[Round "3.2"]
[White "Villavieja, Butch"]
[Black "Nguyen, Kim"]
[Result "1-0"]
[WhiteElo "2227"]
[BlackElo "2109"]
[PlyCount "73"]
[EventDate "2014.02.08"]
[EventType "swiss"]
[EventRounds "6"]
[EventCountry "CAN"]

1. d4 Nf6 2. c4 g6 3. Nc3 Bg7 4. Bg5 d6 5. Nf3 O-O 6. e3 c6 7. Be2 Qa5 8. O-O
a6 9. a3 Bg4 10. b4 Qf5 11. Bh4 e5 12. h3 Bxf3 13. Bxf3 e4 14. Be2 Re8 15. Rc1
g5 16. Bg3 Bf8 17. f4 h5 18. Bxh5 gxf4 19. Rxf4 Qxh5 20. Rxf6 Qxd1+ 21. Rxd1 a5
22. b5 d5 23. c5 Nd7 24. Rf5 Nxc5 25. Rg5+ Kh7 26. Rf1 Ne6 27. Rxf7+ Kh6 28.
Rg4 Bxa3 29. Rf6+ Kh7 30. Be5 Bf8 31. Rf7+ Kh6 32. bxc6 bxc6 33. Ne2 Re7 34.
Rf6+ Kh7 35. Ng3 a4 36. Rh4+ Kg8 37. Rh8+ 1-0

[Event "British Columbia op"]
[Site "Richmond CAN"]
[Date "2014.02.09"]
[Round "3.4"]
[White "Doknjas, John"]
[Black "Arzumanyan, Aram"]
[Result "1/2-1/2"]
[WhiteElo "2091"]
[BlackElo "1923"]
[PlyCount "151"]
[EventDate "2014.02.08"]
[EventType "swiss"]
[EventRounds "6"]
[EventCountry "CAN"]

1. d4 g6 2. c4 Bg7 3. e4 e6 4. Nc3 Ne7 5. Be3 d5 6. f3 c5 7. cxd5 exd5 8. Nxd5
Nxd5 9. exd5 cxd4 10. Bxd4 Qh4+ 11. Bf2 Qb4+ 12. Qd2 Qxd2+ 13. Kxd2 Bxb2 14.
Re1+ Kf8 15. Bc4 Kg7 16. Ne2 Bf6 17. Ng3 Nd7 18. Ne4 Be5 19. g3 Nf6 20. Ng5 Bd6
21. Bd4 Bb4+ 22. Bc3 Bxc3+ 23. Kxc3 h6 24. Ne4 Rd8 25. Rd1 Bh3 26. Nxf6 Kxf6
27. g4 Rac8 28. Kd4 b5 29. Bd3 b4 30. Rhg1 h5 31. Rg3 hxg4 32. fxg4 Rh8 33. Bf1
Bxf1 34. Rxf1+ Kg7 35. Rgf3 Rc7 36. h3 Rd8 37. Rb3 a5 38. a3 Rcd7 39. axb4
Rxd5+ 40. Kc4 Rd4+ 41. Kc3 a4 42. Ra3 Rd3+ 43. Kb2 R8d4 44. Rxa4 Rxh3 45. Ra7
Rxb4+ 46. Kc2 Kh6 47. Raxf7 Kg5 48. Rd7 Rxg4 49. Rf2 Kh6 50. Kd2 Ra4 51. Ke2
Ra2+ 52. Kf1 Rxf2+ 53. Kxf2 Ra3 54. Rd5 g5 55. Kg2 Kh5 56. Rd4 Rb3 57. Rc4 Rb5
58. Ra4 Rb2+ 59. Kg3 Rb3+ 60. Kg2 Rb5 61. Rc4 g4 62. Rc3 Kh4 63. Ra3 Rb2+ 64.
Kg1 Rb4 65. Rc3 g3 66. Rc8 Kh3 67. Rh8+ Kg4 68. Rg8+ Kf3 69. Rf8+ Rf4 70. Rxf4+
Kxf4 71. Kg2 Kg4 72. Kg1 Kh3 73. Kh1 Kh4 74. Kg2 Kg4 75. Kg1 g2 76. Kxg2
1/2-1/2

[Event "British Columbia op"]
[Site "Richmond CAN"]
[Date "2014.02.09"]
[Round "3.5"]
[White "Yu, Robin"]
[Black "Doknjas, Joshua"]
[Result "0-1"]
[WhiteElo "1976"]
[BlackElo "1997"]
[PlyCount "102"]
[EventDate "2014.02.08"]
[EventType "swiss"]
[EventRounds "6"]
[EventCountry "CAN"]

1. d4 d5 2. c4 dxc4 3. Nc3 Nf6 4. e4 e5 5. Nf3 exd4 6. Qxd4 Qxd4 7. Nxd4 Bb4 8.
f3 Bc5 9. Be3 Bxd4 10. Bxd4 Be6 11. Bxf6 gxf6 12. Nd5 Bxd5 13. exd5 Nd7 14.
Bxc4 O-O-O 15. Kf2 Nb6 16. b3 Nxd5 17. Rhd1 c6 18. Bxd5 Rxd5 19. Rxd5 cxd5 20.
Rd1 Rd8 21. Ke3 Kc7 22. Kd4 Kd6 23. Rd2 Rc8 24. Kd3 Rc1 25. Re2 Kd7 26. Kd2 Rc8
27. Kd3 Kd6 28. Kd4 Rc1 29. Kd3 Kc5 30. Re7 Rd1+ 31. Kc2 Ra1 32. Rxf7 Rxa2+ 33.
Kd3 Rxg2 34. Rxh7 b5 35. Rxa7 Rxh2 36. Ra6 f5 37. Rf6 b4 38. Rxf5 Rb2 39. Rf8
Rxb3+ 40. Kd2 Kc4 41. f4 Kd4 42. f5 Ke5 43. f6 Rf3 44. f7 Kd4 45. Rb8 Rf2+ 46.
Ke1 Rxf7 47. Rxb4+ Kc3 48. Rh4 d4 49. Rh8 Ra7 50. Rh3+ d3 51. Rh8 d2+ 0-1

[Event "British Columbia op"]
[Site "Richmond CAN"]
[Date "2014.02.09"]
[Round "3.6"]
[White "Shao, Nathan"]
[Black "Pulfer, Luke"]
[Result "1-0"]
[WhiteElo "1687"]
[BlackElo "1651"]
[PlyCount "45"]
[EventDate "2014.02.08"]
[EventType "swiss"]
[EventRounds "6"]
[EventCountry "CAN"]

1. e4 e5 2. Nf3 Nc6 3. Bc4 Nf6 4. d3 Be7 5. Nc3 d6 6. h3 O-O 7. O-O Be6 8. Bb3
Nd7 9. Be3 Bxb3 10. axb3 f5 11. exf5 Rxf5 12. d4 exd4 13. Nxd4 Nxd4 14. Bxd4
Ne5 15. f4 Nc6 16. Bxg7 Rf7 17. Bh6 Bf6 18. Qd5 Qd7 19. Ra4 Kh8 20. f5 Rg8 21.
Ne4 b6 22. c3 Ne7 23. Qxf7 1-0

[Event "British Columbia op"]
[Site "Richmond CAN"]
[Date "2014.02.09"]
[Round "3.7"]
[White "Chan, James"]
[Black "Su, Michael"]
[Result "1-0"]
[WhiteElo "2119"]
[BlackElo "1860"]
[PlyCount "49"]
[EventDate "2014.02.08"]
[EventType "swiss"]
[EventRounds "6"]
[EventCountry "CAN"]

1. e4 e6 2. d4 d5 3. e5 c5 4. c3 Nc6 5. Nf3 Qb6 6. a3 c4 7. Be2 Bd7 8. O-O Nge7
9. Nbd2 Ng6 10. g3 f6 11. exf6 gxf6 12. Rb1 Qc7 13. b3 cxb3 14. c4 dxc4 15.
Bxc4 O-O-O 16. Qe2 Re8 17. Nxb3 Bd6 18. Bh6 Bxa3 19. Ra1 Bf8 20. Bxf8 Nxf8 21.
Rfc1 Kb8 22. Qa2 a6 23. Nc5 Kc8 24. Nxb7 Kxb7 25. Qxa6+ 1-0

[Event "British Columbia op"]
[Site "Richmond CAN"]
[Date "2014.02.09"]
[Round "3.8"]
[White "Kalisvaart, Peter"]
[Black "Roback, Joe"]
[Result "1/2-1/2"]
[WhiteElo "2038"]
[BlackElo "1835"]
[PlyCount "36"]
[EventDate "2014.02.08"]
[EventType "swiss"]
[EventRounds "6"]
[EventCountry "CAN"]

1. d4 c5 2. e3 Nf6 3. Nf3 g6 4. b3 Bg7 5. Bb2 O-O 6. Be2 d6 7. O-O Bg4 8. c4
cxd4 9. exd4 d5 10. c5 Nc6 11. Nbd2 Ne4 12. Nxe4 dxe4 13. Ne5 Nxe5 14. dxe5
Bxe2 15. Qxe2 Qd3 16. Rfe1 Rac8 17. Qxe4 Qxe4 18. Rxe4 Rxc5 1/2-1/2

[Event "British Columbia op"]
[Site "Richmond CAN"]
[Date "2014.02.09"]
[Round "3.10"]
[White "Ingram, Richard"]
[Black "Lee, Andrew"]
[Result "0-1"]
[WhiteElo "1835"]
[BlackElo "1960"]
[PlyCount "40"]
[EventDate "2014.02.08"]
[EventType "swiss"]
[EventRounds "6"]
[EventCountry "CAN"]

1. d4 d5 2. Nf3 Nf6 3. c4 c6 4. g3 Bf5 5. Bg2 e6 6. O-O Bd6 7. Nc3 Nbd7 8. Nd2
Bb4 9. e4 Bxc3 10. exf5 Bxd4 11. fxe6 fxe6 12. Re1 O-O 13. Nf3 Bxf2+ 14. Kxf2
Ng4+ 15. Kg1 e5 16. Bh3 Qb6+ 17. Kg2 h5 18. Rf1 e4 19. Ng5 Rf2+ 20. Kg1 Rxf1+
0-1

[Event "British Columbia op"]
[Site "Richmond CAN"]
[Date "2014.02.09"]
[Round "3.13"]
[White "Sullivan, Brian"]
[Black "Beaudry, Lukas"]
[Result "0-1"]
[WhiteElo "1586"]
[BlackElo "2075"]
[PlyCount "84"]
[EventDate "2014.02.08"]
[EventType "swiss"]
[EventRounds "6"]
[EventCountry "CAN"]

1. d4 Nf6 2. c4 g6 3. Nc3 Bg7 4. Nf3 O-O 5. g3 d6 6. Bg2 Nc6 7. O-O a6 8. Bd2
Rb8 9. Re1 b5 10. cxb5 axb5 11. e3 b4 12. Ne2 Bd7 13. Nc1 e5 14. dxe5 dxe5 15.
e4 Bg4 16. Nb3 Qc8 17. Qc2 Bxf3 18. Bxf3 Nd8 19. a3 bxa3 20. bxa3 Ne6 21. Bb4
Re8 22. Bg2 Ng5 23. h4 Ne6 24. Rac1 Bh6 25. Rcd1 Bg7 26. Qc4 g5 27. hxg5 Nxg5
28. Nc5 Nh3+ 29. Bxh3 Qxh3 30. Qf1 Qh5 31. Rd3 Ng4 32. Qg2 Rbd8 33. Red1 Rd4
34. Rxd4 exd4 35. Nd3 Ne5 36. g4 Nxg4 37. Nf4 Qh4 38. Rd3 Rxe4 39. Rh3 Qxf2+
40. Qxf2 Nxf2 41. Rf3 Rxf4 42. Rxf4 Nh3+ 0-1

[Event "British Columbia op"]
[Site "Richmond CAN"]
[Date "2014.02.09"]
[Round "4.1"]
[White "Sohal, Tanraj"]
[Black "Villavieja, Butch"]
[Result "1-0"]
[WhiteElo "2346"]
[BlackElo "2227"]
[PlyCount "135"]
[EventDate "2014.02.08"]
[EventType "swiss"]
[EventRounds "6"]
[EventCountry "CAN"]

1. d4 d5 2. c4 c6 3. cxd5 cxd5 4. Bf4 Nc6 5. e3 e6 6. Nc3 Bd6 7. Bxd6 Qxd6 8.
Bd3 Nf6 9. f4 a6 10. Rc1 Bd7 11. Nf3 Rc8 12. O-O Ng4 13. Qe1 f5 14. Ne5 Ncxe5
15. fxe5 Qe7 16. h3 Nh6 17. Qe2 O-O 18. a3 Qg5 19. Qf2 Kh8 20. Ne2 Qe7 21. Qe1
Rxc1 22. Nxc1 Ba4 23. Qa5 Bc6 24. Nb3 g5 25. Qb4 Qe8 26. Be2 Rg8 27. Qd6 g4 28.
h4 Rg6 29. g3 Nf7 30. Qb4 Nd8 31. Nc5 Rg7 32. a4 Kg8 33. b3 Qe7 34. Rc1 h5 35.
Qc3 Qe8 36. Nd3 Rc7 37. Nf4 Rc8 38. Qa5 Kh7 39. Bd3 Kh6 40. Qb6 Nf7 41. Kf2 Nh8
42. b4 Ng6 43. b5 axb5 44. axb5 Nxf4 45. exf4 Bd7 46. Rc5 Rxc5 47. dxc5 Qa8 48.
Qd6 Qa2+ 49. Ke3 Be8 50. Qf8+ Kh7 51. Qxe8 d4+ 52. Kxd4 Qd5+ 53. Ke3 Qf3+ 54.
Kd4 Qd5+ 55. Kc3 Qxc5+ 56. Kb3 Qd5+ 57. Bc4 Qd1+ 58. Kb4 Qd2+ 59. Kc5 b6+ 60.
Kc6 Qg2+ 61. Kc7 Qf2 62. Qe7+ Kh8 63. Bxe6 Qc2+ 64. Kd8 Qd3+ 65. Bd7 Qd5 66.
Qf8+ Kh7 67. Qxf5+ Kh6 68. Qf6+ 1-0

[Event "British Columbia op"]
[Site "Richmond CAN"]
[Date "2014.02.09"]
[Round "4.2"]
[White "Wu, Howard"]
[Black "Doknjas, Joshua"]
[Result "1-0"]
[WhiteElo "2224"]
[BlackElo "1997"]
[PlyCount "67"]
[EventDate "2014.02.08"]
[EventType "swiss"]
[EventRounds "6"]
[EventCountry "CAN"]

1. c4 c5 2. Nc3 Nc6 3. Nf3 g6 4. g3 Bg7 5. Bg2 e6 6. O-O Nge7 7. d3 d5 8. Bf4
O-O 9. Rc1 b6 10. cxd5 exd5 11. Qd2 Be6 12. Nb5 Qd7 13. Ng5 Rac8 14. Nxe6 fxe6
15. e4 e5 16. Bg5 d4 17. Qd1 Nd8 18. Qb3+ Kh8 19. a4 Ndc6 20. Bd2 Rb8 21. Na3
Nd8 22. h4 Nf7 23. Kh2 Bh6 24. Bh3 Qd8 25. Bxh6 Nxh6 26. Qe6 Nf7 27. Nc4 Qc7
28. Qf6+ Kg8 29. Be6 Nc6 30. f4 exf4 31. Rxf4 a6 32. Rcf1 Rb7 33. Bd5 b5 34.
Nd6 1-0